| 000 | 00667nam a2200217 u 4500 | ||
|---|---|---|---|
| 005 | 20230316063607.0 | ||
| 008 | 150909s2010 es r 000 0 spa d | ||
| 020 | _a9788426137920 | ||
| 035 | _aUPN01000205715 | ||
| 049 | _aI | ||
| 050 | 4 |
_aPZ10.3 _bW6.4 |
|
| 100 | 1 |
_aWormell, Christopher, _d1955- _938049 |
|
| 245 | 1 | 1 |
_a¡Fieras Feroces! / _cChris Wormell ; tr. Raquel Solà. |
| 260 |
_aBarcelona, Esp. : _bJuventud, _c2010. |
||
| 300 |
_a[29] p. : _bil. col. |
||
| 534 |
_pTitulo original: _tFerocious wild beasts! |
||
| 650 | 4 |
_aCuentos infantiles ingleses _910002 |
|
| 650 | 0 |
_aAnimales _vCuentos y leyendas _9234 |
|
| 905 | _aInfantil | ||
| 999 |
_c177816 _d177816 |
||